«La pandemia nos ha pasado factura» : (Record no. 215478)

MARC details
000 -CABECERA
campo de control de longitud fija 01997nab a2200289 ab4500
005 - FECHA Y HORA DE LA ÚLTIMA TRANSACCIÓN
campo de control 20260630145246.0
008 - ELEMENTOS DE LONGITUD FIJA--INFORMACIÓN GENERAL
campo de control de longitud fija 260604b2025 sp tr poo| 0 0 spa d
003 - IDENTIFICADOR DEL NÚMERO DE CONTROL
campo de control
040 ## - FUENTE DE LA CATALOGACIÓN
Centro catalogador/agencia de origen MX-MxUPN
Lengua de catalogación spa
Centro/agencia transcriptor MX-MxUPN
Normas de descripción aacr2
100 1# - ASIENTO PRINCIPAL--NOMBRE PERSONAL
Nombre de persona López Doblas, Juan
9 (RLIN) 60162
100 1# - ASIENTO PRINCIPAL--NOMBRE PERSONAL
Nombre de persona Díaz Conde, María del Pilar
9 (RLIN) 60163
245 11 - MENCIÓN DE TÍTULO
Título «La pandemia nos ha pasado factura» :
Resto del título la salud mental de las personas mayores viviendo solas en tiempos de la COVID-19
Medio [recurso electrónico en línea]
506 0# - NOTA DE RESTRICCIONES AL ACCESO
Limitaciones de acceso Acceso abierto
520 3# - NOTA DE RESUMEN, ETC.
Sumario, etc. Este trabajo aborda los efectos que la pandemia de COVID-19 ha generado sobre la salud mental de las personas mayores que la han experimentado viviendo solas. Presenta resultados de un estudio cualitativo, desarrollado mediante entrevistas semiestructuradas, bajo las directrices metodológicas de la Teoría Fundamentada tanto en el proceso de recogida de la información (muestreo teórico de 102 entrevistas), como en su codificación y análisis (método comparativo constante). Los resultados permiten comprender lo mucho que se vieron afectadas por síntomas depresivos o de ansiedad durante la pandemia, cuya incidencia vinculan con su estado de soledad y escaso contacto social. Soledad y salud mental parecen haber ejercido un efecto sinérgico. También revelan su vulnerabilidad en tiempos de crisis y las consecuencias de que las necesidades emocionales queden sin cubrir en la vejez.
Fuente proveedora REIS
650 #7 - ASIENTO SECUNDARIO DE MATERIA - TERMINO TEMATICO
Término de materia o nombre geográfico como elemento de entrada Ansiedad
Fuente del encabezamiento o término
9 (RLIN) 4750
650 #0 - ASIENTO SECUNDARIO DE MATERIA - TERMINO TEMATICO
Término de materia o nombre geográfico como elemento de entrada COVID-19 (Enfermedad)
9 (RLIN) 48104
650 #2 - ASIENTO SECUNDARIO DE MATERIA - TERMINO TEMATICO
Término de materia o nombre geográfico como elemento de entrada Depresión mental
9 (RLIN) 7508
650 #4 - ASIENTO SECUNDARIO DE MATERIA - TERMINO TEMATICO
Término de materia o nombre geográfico como elemento de entrada Salud mental
9 (RLIN) 22888
653 ## - TERMINO DE INDIZACION - NO CONTROLADO
Término no controlado Metodología cualitativa
650 #2 - ASIENTO SECUNDARIO DE MATERIA - TERMINO TEMATICO
Término de materia o nombre geográfico como elemento de entrada Adultos mayores
9 (RLIN) 27578
650 #2 - ASIENTO SECUNDARIO DE MATERIA - TERMINO TEMATICO
Término de materia o nombre geográfico como elemento de entrada Soledad
9 (RLIN) 14185
773 ## - ENLACE AL DOCUMENTO FUENTE/ENTRADA DE REGISTRO ANFITRIÓN
Parte(s) relacionada(s) No. 192 (2025), p. 149-166
Título REIS: revista española de investigaciones sociológicas
Número Internacional Normalizado para Publicaciones Seriadas 1988-5903
856 4# - LOCALIZACIÓN Y ACCESO ELECTRÓNICOS
Identificador Uniforme del Recurso <a href="https://reis.cis.es/index.php/reis/article/view/2381">https://reis.cis.es/index.php/reis/article/view/2381</a>
856 4# - LOCALIZACIÓN Y ACCESO ELECTRÓNICOS
Identificador Uniforme del Recurso <a href="https://reis.cis.es/index.php/reis/article/view/2381/3008">https://reis.cis.es/index.php/reis/article/view/2381/3008</a>
902 ## - ELEMENTOS DE DATOS B LOCAL, LDB (RLIN)
Creó Leonor Sotres/300626
942 ## - ELEMENTOS DE PUNTO DE ACCESO ADICIONAL (KOHA)
Tipo de ítem Koha Artículo Electrónico
Holdings
Estado de retiro Estado de pérdida Estado dañado No para préstamo Código de colección Localización permanente Ubicación/localización actual Ubicación en estantería Fecha de adquisición Total de préstamos Fecha visto por última vez Identificador Uniforme del Recurso Precio válido a partir de Tipo de ítem Koha
        Acceso abierto Bib. Gregorio Torres Quintero Bib. Gregorio Torres Quintero En línea 30/06/2026   30/06/2026 https://reis.cis.es/index.php/reis/article/view/2381/3008 30/06/2026 Artículo Electrónico